=LDR 00000nam 2200000 4500 =001 INLIS000000000029413 =005 20130612131640 =008 ***********************************Ind** =035 ##$$0010-061300000029413 =041 ##$$a Ind =082 ##$$a 495.8 =090 ##$$a 495.8, Pon b =100 ##$$a Poncowati, Sri Utami =245 ##$$a Bertahap berbahasa jepang, Sri Utami Pontjowati =260 ##$$a 1994 $b Jakarta =300 ##$$a 110 hlm, 21 cm =650 ##$$a Bahasa Jepang =850 ##$$a NBPNMAT